Announced Cast of Avengers: Doomsday (2026) - Statistics

General Stats
  • This quiz has been taken 96 times
  • The average score is 17 of 27
Answer Stats
Picture Answer % Correct
Chris Hemsworth
100%
Anthony Mackie
93%
Paul Rudd
87%
Sebastian Stan
86%
Tom Hiddleston
78%
Robert Downey Jr.
75%
Vanessa Kirby
72%
Florence Pugh
71%
Simu Liu
71%
Pedro Pascal
70%
Ian McKellen
67%
Patrick Stewart
67%
Channing Tatum
62%
Letitia Wright
62%
David Harbour
61%
Wyatt Russell
57%
Alan Cumming
55%
James Marsden
52%
Kelsey Grammer
51%
Joseph Quinn
49%
Lewis Pullman
49%
Winston Duke
46%
Ebon Moss-Bachrach
45%
Tenoch Huerta Mejía
42%
Danny Ramirez
41%
Hannah John-Kamen
39%
Rebecca Romijn
35%
No matching quizzes found
Score Distribution
Percent of People with Each Score
Percentile by Number Answered
Your Score History
You have not taken this quiz